000 00594nam a22001817a 4500
999 _c21066
_d21066
003 AR-CdUCM
008 190926b ||||| |||| 00| 0 spa d
040 _aMUNICIPALIDAD PROVINCIAL DEL CUSCO
_cBIBLIOTECA MUNICIPAL DEL CUSCO
082 _a770 /
_bOK39
100 _aOkuyama Yamaguchi, Denise
_943862
245 _aKiyoshi Sato :
_blas imágenes como memoria /
260 _aLima :
_bCentro cultural peruano - japones,
_c2002.
300 _a43 páginas ;
_bFotografías blanco y negro
_c27 cm.
650 _aFotografia
_94511
650 _aNikkei
_943863
942 _2ddc
_cLIBROS
945 _azta